| 000 | 00764cam a22002533a 4500 | ||
|---|---|---|---|
| 001 | 28006 | ||
| 003 | PGUSA | ||
| 005 | 20140828083615.0 | ||
| 008 | 090205s2009||||xxu|||||s|||||000 1 eng d | ||
| 040 |
_aPGUSA _beng |
||
| 042 | _adc | ||
| 050 | 4 | _aPR | |
| 100 | 1 |
_aOliphant, _cMrs _q(Margaret), _d1828-1897 |
|
| 245 | 1 | 4 |
_aThe Perpetual Curate _h[electronic resource] / _cOliphant, |
| 260 |
_bProject Gutenberg, _c2009 |
||
| 500 | _aPart of the Chronicles of Carlingford. | ||
| 506 | _aPublic domain in the USA. | ||
| 516 | _aElectronic text | ||
| 653 | _aEngland -- Social life and customs -- 19th century -- Fiction | ||
| 653 | _aClergy -- Fiction | ||
| 830 | 0 |
_aProject Gutenberg _v28006 |
|
| 856 | 4 | 0 | _uhttp://www.gutenberg.org/ebooks/28006 |
| 942 | _cEB | ||
| 999 |
_c257261 _d257261 |
||